Capitali più vicine all'Equatore - Quiz con mappa - Statistics

Statistiche generali
  • Questo quiz è stato fatto 30 volte
  • Il punteggio medio è 12 su 20
Risposte nella Mappa
Le risposte nella mappa del quiz sottostante sono codificate secondo una scala di colori dal rosso al verde in base alla % di persone che hanno risposto correttamente.
 
Statistiche sulle risposte
Latitudine Capitale % Corretto
4.58 Bogotá
96%
−0.25 Quito
89%
4.17 Malé
75%
−4.27 Brazzaville
68%
3.13 Kuala Lumpur
68%
2.03 Mogadiscio
68%
1.28 Singapore
68%
0.33 São Tomé
64%
−4.32 Kinshasa
61%
−1.28 Nairobi
61%
−4.62 Victoria
61%
0.38 Libreville
57%
−3.43 Gitega
46%
3.87 Yaoundé
46%
−0.53 Yaren
46%
0.3 Kampala
43%
4.37 Bangui
39%
−1.93 Kigali
39%
3.75 Malabo
36%
1.43 Tarawa Sud
32%
Nessun quiz corrispondente trovato
Distribuzione punteggi
Percentuale di utenti per punteggio
Percentile per numero di risposta
I tuoi punteggi nel tempo
Non hai fatto questo quiz